| 000 | 00508 a2200181 4500 | ||
|---|---|---|---|
| 005 | 20260428110537.0 | ||
| 008 | 260428b |||||||| |||| 00| 0 eng d | ||
| 020 | _a9781501727832 | ||
| 040 | _cSDCL | ||
| 041 |
_2eng _aeng |
||
| 084 | _aY15.2'L N6 | ||
| 100 |
_aFlueckiger, Joyce Burkhalter _9856181 |
||
| 245 | _aGender and Genre in the Folklore of Middle India | ||
| 260 |
_aLondon : _bCornell University Press, _c1996. |
||
| 300 | _axxiii, 351p. | ||
| 490 | _aMyth and poetics | ||
| 942 |
_cTEXL _2CC |
||
| 999 |
_c1848430 _d1848430 |
||